| 000 | 00438nam a2200157 i 4500 | ||
|---|---|---|---|
| 001 | 100269 | ||
| 003 | ES-MaACL | ||
| 005 | 20230906182636.0 | ||
| 007 | t| | ||
| 008 | 050923s1925 it ||||1| ita d | ||
| 100 | 1 |
_aMartini, A. _978490 |
|
| 245 | 1 | 0 |
_aPollicoltura industriale e familiare moderna (sistema americano) / _cA. Martini. |
| 260 |
_aMilano : _bHoepli, _c1925. |
||
| 300 |
_aX, 166 p. ; _c16 cm. |
||
| 852 |
_aES-MaACL _jF-4349 |
||
| 999 |
_c100269 _d100269 |
||